02106 2200217 4500001002100000005001500021020002200036035002000058082001100078084001700089100002000106245004200126250001600168260003000184300003200214520155300246650002301799856002401822990002101846990002101867INLIS00000000000728120250711112042 a978-623-01-2894-3 a0010-0725000006 a658.15 a658.15 ANA m0 aAnastasia Diana1 aManajemen Keuangan /cAnastasia Diana aEd.1, Cet.1 aYogyakarta :bAndi,c2022 axiv, 512 hlm. ;c19 x 23 cm aManajemen keuangan merupakan disiplin ilmu yang dinamis dan berperan penting bagi individu maupun organisasi. Bagi organisasi, kemampuan menganalisis, mengelola, dan mengevaluasi kondisi keuangan amat penting dalam rangka memaksimalkan kekayaan pemilik. Sementara itu, bagi individu sebagai investor, kepiawaian dalam memahami dan mengelola keuangan sangat membantu dalam memilih investasi yang berpotensi memberikan return maksimum. Buku Manajemen Keuangan ini mengulas teori, konsep, dan aplikasi pokok pengelolaan keuangan dalam konteks perusahaan. Pembahasan disampaikan dalam bahasa yang mudah dipahami dan disertai dengan contoh praktis. Struktur bab disusun secara sistematis ke dalam 5 bagian: (1) Konsep Dasar Manajemen Keuangan (apa dan bagaimana manajemen keuangan, pasar keuangan dan lembaga jasa keuangan, memahami laporan keuangan, menganalisis laporan keuangan, serta konsep nilai waktu uang); (2) Penilaian Sekuritas (risiko dan return, penilaian obligasi, dan penilaian saham); (3) Penilaian Investasi Jangka Panjang (biaya modal, capital budgeting, dan estimasi arus dan analisis risiko); (4) Keputusan Keuangan Strategik (struktur modal dan kebijakan dividen dan pembelian kembali saham); dan (5) Perencanaan Keuangan dan Modal Kerja (perencanaan keuangan dan manajemen modal kerja). Selain cocok diadopsi sebagai buku pegangan kuliah Manajemen Keuangan, buku ini juga dapat dijadikan panduan praktis bagi para praktisi maupun pemerhati keuangan untuk mempelajari prinsip dasar manajemen keuangan. 4aManajemen Keuangan aIlmu - Ilmu Terapan a155 221 338 1393 a155 221 338 1394